LEADER 00669nam a2200181 i 4500 001 000000174488 003 CaOOAMICUS 005 20080915000000.0 008 080915s1948 it u000 u ita u 013 $a151964 040 $aSeMil$bita 245 10$aArabeschi ; Le anime morte. 300 $a569 p. 700 1 $aGogol, Nikolaj Vasiljevic <1809-1852>.$0(OLS)http://semarc/name/8949 773 0 $aGogol, Nikolaj Vasiljevic <1809-1852>$tOpere.$dMilano : Corticelli, 1944.$gVolume3$w()20016 850 $aSeMil 852 $aSeMil$W1$xVenegono$y1$m1W IV 262/3$j125324$B125324$CSeMilBibl$Z2$F136302 $81 996 $6245$aArabeschi ; Le anime morte$9(OLS)http://semarc/title/250097 LEADER 01150nam a2200241 4500 001 000000343721 003 CaOOAMICUS 005 20210113105406.0 008 210113s1999 it 000 u ita r 040 $aSeMil$bita 100 1 $aMorra, Marciano,$d<1929-2021>.$0(OLS)http://semarc/name/49910 245 02$aL'Eucarestia :$bfonte e culmine di purificazione e santificazione /$cMarciano Morra. 264 1$aSan Giovanni Rotondo :$bCasa Sollievo della Sofferenza,$c1999. 300 $a240 p. ;$c24 cm 490 1 $aNuova editoriale dell'opera di Padre Pio ;$v4 650 4$aEucaristia - Meditazioni.$0(OLS)http://semarc/subject/1553 830 0$aNuova editoriale dell'opera di Padre Pio ;$v4.$0(OLS)http://semarc/title/432747 850 $aSeMil 852 $aSeMil$W1$xVenegono$y1$m3F IV 708$j223705$B234747$CSeMilBibl$Z2$F234747 $81 961 $aTremolada don Maurizio - Omaggio 996 $6245$aL'Eucarestia :$bfonte e culmine di purificazione e santificazione$9(OLS)http://semarc/title/432746 996 $6264$aSan Giovanni Rotondo :$bCasa Sollievo della Sofferenza$9(OLS)http://semarc/publisher/38868